Historia de la literatura mexicana desde sus orígenes hasta nuestros días : la cultura letrada en la Nueva España del siglo XVII /

Segundo de cinco tomos de este proyecto de elaborar una historia exhaustiva de la literatura mexicana, que abarque cinco siglos -del XVI al XX- y recoja y renueve la ya clásica Historia de la literatura mexicana, de Carlos González Peña, publicada en 1928. Referente al siglo XVII, el segundo tomo ab...

Description complète

Enregistré dans:
Détails bibliographiques
Auteur principal: Garza Cuarón, Beatriz (coord.)
Autres auteurs: Chang-Rodríguez, Raquel (coordinación del volumen) (coordinación del volumen)
Format: Livre
Langue:espagnol
Publié: México : Siglo XXI : UNAM, Facultad de Filosofía y Letras, 2002, c2002
Collection:(Lingüística y Teoría Literaria)
Sujets:
Tags: Ajouter un tag
Pas de tags, Soyez le premier à ajouter un tag!

MARC

LEADER 00000nam^a2200000^a^4500
001 000146469
005 20250521000000.0
009 20260310095911.744
020 |a 968-23-2404-1 
037 |a Acervo ITESO - Biblioteca 
041 |a ESP 
082 |a 860. 972  |b GAR V. 2 
100 |a Garza Cuarón, Beatriz  |e (coord.) 
240 1 1 |a [Historia de la literatura mexicana desde sus orígenes hasta nuestros días] 
245 1 0 |a Historia de la literatura mexicana desde sus orígenes hasta nuestros días :  |b la cultura letrada en la Nueva España del siglo XVII /  |c Coord. de B. Garza Cuarón ; coord. del volumen e introd. de R. Chang-Rodríguez. 
264 4 |a México :  |b Siglo XXI :  |b UNAM, Facultad de Filosofía y Letras,  |c 2002, c2002 
300 |a 744 p. 
336 |a texto  |b txt  |2 rdacontenido 
337 |a sin mediación  |b n  |2 rdamedio 
338 |a volumen  |b nc  |2 rdasoporte 
440 1 |a (Lingüística y Teoría Literaria) 
520 |a Segundo de cinco tomos de este proyecto de elaborar una historia exhaustiva de la literatura mexicana, que abarque cinco siglos -del XVI al XX- y recoja y renueve la ya clásica Historia de la literatura mexicana, de Carlos González Peña, publicada en 1928. Referente al siglo XVII, el segundo tomo abre con una exposición de los vectores que configuraron la cultura novohispana en dicha centuria. Son examinados a continuación los vínculos entre sociedad y cultura, destacándonse las peculiaridades de la educación, la diversidad de los sujetos sociales, el desarrollo de la imprenta y el carácter de los festejos públicos. La expresión poética, incluido el arte dramático, y la prosa, tanto la histórica como la narrativa, son objeto de análisis en las siguientes secciones del volumen. Siguen posteriormente los estudios sobre la consolidación eclesiástica y sobre la lingüística, la filología y la presencia del latín en el ámbito virreinal. El tomo concluye con tres aproximaciones a las figuras centrales de la cultura novohispana del siglo XVII: sor Juana Inés de la Cruz, Juan Ruiz de Alarcón y Carlos de Sigüenza y Góngora. 
649 |a XX 
650 |a Escritores Mexicanos 
650 |a Monjas Mexicanas 
650 |a Religiosos Mexicanos 
650 |a Científicos Mexicanos 
650 |a Español en México 
650 |a Latín 
650 |a Lenguas Romances 
650 |a Lenguas Indo-Europeas 
650 |a Lenguas Indígenas -  |z México 
650 |a Lenguaje y Lenguas 
650 |a Lingüística 
650 |a Poesía Mexicana -  |x Historia y Crítica 
650 |a Prosa Literaria Mexicana -  |x Historia y Crítica 
650 |a Literatura Religiosa -  |x Historia y Crítica 
650 |a Religión y Literatura -  |z México -  |x Historia 
650 |a Literatura e Historia -  |z México 
650 |a Literatura y Sociedad -  |z México 
650 |a Literatura Barroca -  |x Historia y Crítica 
650 |a Literatura Mexicana -  |x Historia y Crítica 
650 |a Literatura Mexicana -  |y Siglo XVII 
650 |a Literatura Mexicana -  |y Epoca Colonial, 1517-1821 
650 |a México -  |x Historia -  |y Siglo XVII 
650 |a México -  |x Historia -  |y Virreinato, 1535-1821 
650 |a México -  |x Historia -  |y Epoca Colonial, 1517-1821 
650 |a Ruiz de Alarcón, Juan 
650 |a Sigüenza y Góngora, Carlos de 
600 |a Cruz, Juana Inés de la,  |c Sor 
700 |a Chang-Rodríguez, Raquel  |e (coordinación del volumen) 
910 |a Fondo General 
920 |a Impresos - Libros 
930 |a Colección General 
940 |a Literatura 
905 |a 101 
901 |a 0500075634  |b IT1  |c LIT  |u 20250521 
902 |a https://opac.biblio.iteso.mx/vufind/Record/000146469